Η Ευρωπαϊκή Κοινότητα 1992 και Μετά (Record no. 9084)
[ view plain ]
| 000 -LEADER | |
|---|---|
| fixed length control field | 01165cam a22001814a 4500 |
| 005 - ΗΜΕΡΟΜΗΝΙΑ ΚΑΙ ΩΡΑ ΤΕΛΕΥΤΑΙΑΣ ΕΝΗΜΕΡΩΣΗΣ | |
| Πεδίο ελέγχου | 20250605163659.0 |
| 008 - FIXED-LENGTH DATA ELEMENTS--GENERAL INFORMATION | |
| Πεδίο ελέγχου σταθερού μήκους | 250528s ||||||||||||||||||||||||d |
| 035 ## - SYSTEM CONTROL NUMBER | |
| System control number | 24189 |
| 020 ## - ISBN | |
| ISBN | 9282624706 |
| 040 ## - ΠΗΓΗ ΚΑΤΑΛΟΓΟΓΡΑΦΗΣΗΣ | |
| Φορέας πρωτότυπης καταλογογράφησης | MC Athens Campus Library |
| Γλώσσα καταλογογράφησης | Ελληνικά, Μοντέρνα (1453-) |
| Modifying agency | MC Athens Campus Library |
| Κανόνες περιγραφικής καταλογογράφησης | AACR2 |
| 245 1# - ΤΙΤΛΟΣ ΚΑΙ ΔΗΛΩΣΗ ΥΠΕΥΘΥΝΟΤΗΤΑΣ | |
| Τίτλος | Η Ευρωπαϊκή Κοινότητα 1992 και Μετά |
| 260 ## - PUBLICATION, DISTRIBUTION, ETC. | |
| Name of publisher, distributor, etc. | Διοικητική Μονάδα 'Εκδόσεις' |
| -- | Επιτροπή Των Ευρωπαϊκών Κοινοτήτων, |
| Date of publication, distribution, etc. | 1991 |
| 300 ## - PHYSICAL DESCRIPTION | |
| Extent | 36 |
| 520 ## - SUMMARY, ETC. | |
| Summary, etc. | Η Ευρώπη στο Δρόμο της Ένωσης, Η Κοινότητα της Δεκαετίας του '90, Θεμελιώδη Κοινωνικά Δικαιώματα των Εργαζομένων, Στο Κατώφλι της Πολιτικής Κοινότητας, Όργανα και Θεσμοί, Εσωτερική Αγορά και Οικονομική και Νομισματική Ένωση, Όργανα και Θεσμοί, Εσωτερική Αγορά και Οικονομική και Νομισματική Ένωση, Βασικοί Όροι, Βιβλιογραφία. |
| 942 ## - ADDED ENTRY ELEMENTS (KOHA) | |
| Koha item type | Περιοδικά Δημοσιεύματα |
| Τύπος τεκμηρίου | Βιβλιοθήκη | Τρέχουσα τοποθεσία | Barcode | Ημερομηνία απόκτησης | Ταξιθετικό σύμβολο | Αριθμός αντιτύπου | Κατάσταση απόσυρσης | Κατάσταση χαμένου | Κατάσταση κατεστραμμένου | Μη δανεισμός | Σύνολο δανεισμών | Ημερομηνία τελευταίας εμφάνισης | Η τιμή ισχύει από |
|---|---|---|---|---|---|---|---|---|---|---|---|---|---|
| Περιοδικά Δημοσιεύματα | MC Athens Campus Library | MC Athens Campus Library | 9780000090836 | 05/06/2025 | EUROPEAN COMMISSION BULLETIN | 1 | 05/06/2025 | 05/06/2025 |